Statistics for The Beach Quiz

Click here to take the quiz!

General Stats

  • This quiz has been taken 261 times
  • The average score is 10 of 20

Answer Stats

QuestionAnswer% Correct
Which French region was the site of the D-Day beach landings during WWII?Normandy
91%
What city is home to the Copacabana and Ipanema beaches?Rio de Janeiro
83%
What TV series is about lifeguards who patrol the beaches of Los Angeles County?Baywatch
73%
What team sport was first played in the above in 1915?Beach Volleyball
71%
What rock band will get to Kokomo fast and then take it slow?The Beach Boys
68%
What is the most famous beach in Hawaii?Waikiki
65%
What type of fish is famous for beaching mainly due to sickness or injury?Whale / Dolphin
57%
What beach area in Los Angeles is known for canals and bodybuilders?Venice Beach
53%
Who is the leading star of the 2000 movie "The Beach"?Leonardo DiCaprio
52%
What famous beach in Sydney has its own factual "rescue" television program?Bondi Beach
48%
What city is the home town of Snoop Dogg and has a busy port?Long Beach
45%
What bird do tourists come to the Boulder Beach of Cape Town to visit?African Penguin
40%
What beach landform extends into the sea like a peninsula? hint: salivaSpit
38%
What is the most famous neighborhood in Miami Beach?South Beach
36%
Which beach in the westernmost in the above?Utah Beach
32%
What is the most populous city in the metropolitan area of Hampton Roads?Virginia Beach
30%
What is the most-visited beach town in South Carolina?Myrtle Beach
28%
Cox's Bazar is world's longest beach. In what Asian country is it located?Bangladesh
25%
What is the most famous beach resort along the Turkish Riviera?Antalya
18%
What is the term for the rush of seawater up the beach after the breaking of a wave?Swash
5%

Score Distribution

Percentile by Number Answered

Percent of People with Each Score

Your Score History

You have not taken this quiz